000 00817cab a2200229 4500
001 ABS39728
008 090401t1988 xxu||||| |||| 00| 0 eng d
035 _a(Sirsi) u18633
041 _aeng
100 _aDixon-Gough, R.
245 _aReal-time image processing for site investigations
260 _c1988
350 _a0
490 _aLand & Minerals Surveying
_v6(9) September 1988, 455-459(5)
520 _aDescribes how digital image processing systems and remote sensing techniques were used on an archaeological site investigation at Runneymede Bridge . Describes the methodology, problems encountered and recommendations for future investigations.
650 _aCOMPUTERS
650 _aGIS
650 _aLAND INFORMATION SYSTEMS
690 _aLAND SURVEYING
942 _n0
948 _c04/03/1997
999 _c12401
_d12401